Teoria, historia, powinowactwa literatury

Bibliographic Details
Main Author: Ziomek, Jerzy, 1924-1990 (Author)
Other Authors: Wysłouch, Seweryna (Author of introduction, etc.), Abramowska, Janina, 1933- (Editor), Wiegandt, Ewa, 1939- (Editor)
Format: Book
Language:Polish
PhysicalDescription:192 s. ilustr. 20 cm
Published: Poznań Poznańskie Towarzystwo Przyjaciół Nauk 2008
ISBN:9788370635442
ISSN:1896-7671
Series:Klasycy nauki poznańskiej
Subjects:

MARC

LEADER 00000cam a2200000 a 4500
001 vtls009407661
003 SK-MaSNL
005 20260301211003.0
008 251029s2008 pl c g 000 0 pol
020 |a 9788370635442  |q (brož.) 
040 |a SNK  |b slo  |c SNK  |e AACR2 
041 0 |a pol 
043 |a e-pl--- 
044 |a pl  |c PL 
072 7 |a 82.0  |x Literatúra (teória)  |2 konspekt 
080 |a 82.0-051  |2 2001 
080 |a 82.0  |2 2001 
080 |a 821.162.1  |2 2001 
080 |a (438)  |2 2001 
080 |a (082)  |2 2001 
100 1 |a Ziomek, Jerzy,  |d 1924-1990  |4 aut  |9 595165 
245 1 0 |a Teoria, historia, powinowactwa literatury  |c Jerzy Ziomek ; wstęp: Seweryna Wysłouch ; dobór tekstów: Janina Abramowska i Ewa Wiegandt 
260 |a Poznań  |b Poznańskie Towarzystwo Przyjaciół Nauk  |c 2008 
300 |a 192 s.  |b ilustr.  |c 20 cm 
490 1 |a Klasycy nauki poznańskiej  |x 1896-7671  |v t. 19 
500 |a Nad názvom: Poznańskie Towarzystwo Przyjaciół Nauk. Uniwersytet im. Adama Mickiewicza 
504 |a Obsahuje bibliogr. 
600 1 7 |a Ziomek, Jerzy,  |d 1924-1990  |2 SNKMA  |9 595165 
648 7 |a 1924-1990  |2 SNKPH  |9 595166 
650 0 7 |a literárni vedci  |2 SNKPH  |9 220855 
650 0 7 |a poľská literatúra  |2 SNKPH  |9 1201 
650 0 7 |a literárna veda  |2 SNKPH  |9 1137 
655 7 |a zborníky  |2 SNKPH  |9 70165 
700 1 |a Wysłouch, Seweryna  |4 aui  |9 464434 
700 1 |a Abramowska, Janina,  |d 1933-  |4 edt  |9 595167 
700 1 |a Wiegandt, Ewa,  |d 1939-  |4 edt  |9 595168 
830 0 |a Klasycy nauki poznańskiej  |9 345445 
919 |a 978-83-7063-544-2 
999 |c 915413  |d 917343 
952 |a SNK  |b SNK  |y VYP  |7 0  |p 17A0620494  |o snkID 98259  |i snk2009/9841  |8 2  |g 5.97  |0 0  |1 0  |4 0  |d 2009-03-19  |l 0  |r 2026-02-24 07:57:43  |w 2026-02-24